|
|
|
|
| LEADER |
00000nam2a2200000 4500 |
| 001 |
297227 |
| 005 |
20231102001004.0 |
| 020 |
|
|
|a RU
|b 84-42724
|
| 035 |
|
|
|a (RuTPU)RU\TPU\book\322347
|
| 035 |
|
|
|a RU\TPU\book\322346
|
| 090 |
|
|
|a 297227
|
| 100 |
|
|
|a 20150605d1984 k y0rusy5003 ca
|
| 101 |
0 |
|
|a rus
|
| 102 |
|
|
|a RU
|
| 105 |
|
|
|a a z 101zy
|
| 200 |
0 |
|
|a Ч. 2
|
| 210 |
|
|
|d 1984
|
| 215 |
|
|
|a 102 с.
|c ил.
|
| 320 |
|
|
|a Библиография в конце статей
|
| 461 |
|
1 |
|0 (RuTPU)RU\TPU\book\351456
|t Гибкие автоматизированные производственные системы
|o всесоюзное совещание-семинар
|o тезисы докладов
|f Ленинградский институт авиационного приборостроения (ЛИАП)
|v Ч. 2
|n [Б. и.]
|d 1984
|
| 606 |
1 |
|
|a Гибкие производственные системы
|2 stltpush
|3 (RuTPU)RU\TPU\subj\6412
|9 34297
|
| 610 |
1 |
|
|a автоматизация
|
| 610 |
1 |
|
|a стратегия
|
| 610 |
1 |
|
|a гибкие автоматические производственные системы
|
| 610 |
1 |
|
|a структура
|
| 610 |
1 |
|
|a системный анализ
|
| 610 |
1 |
|
|a роботизированные технологические комплексы
|
| 610 |
1 |
|
|a гибкие сборочные системы
|
| 610 |
1 |
|
|a цифровые системы управления
|
| 610 |
1 |
|
|a алгоритмическая надежность
|
| 610 |
1 |
|
|a совещания
|
| 610 |
1 |
|
|a семинары
|
| 675 |
|
|
|a 658.52.011.56.012.3(063)
|z rus
|v 3
|
| 801 |
|
0 |
|a RU
|b RuMRKP
|c 19950704
|g psbo
|
| 801 |
|
1 |
|a RU
|b 63413507
|c 20150605
|
| 801 |
|
2 |
|a RU
|b 63413507
|c 20181130
|g RCR
|
| 942 |
|
|
|c BK
|